| 000 | 01318nam a2200229 a 4500 | ||
|---|---|---|---|
| 008 | 120416s1996 ||||||||||||||||| || u | ||
| 050 | _aJF 1081 Uga | ||
| 100 | _aLangseth, Petter | ||
| 245 | 1 | 0 |
_aUganda International Conference on good governance in Africa: empowering civil society in the fight against corruption. _cedited by Petter Langseth and Fiona Simpkins |
| 260 |
_aWashington, D. C. _bWorld Bank _c1996 |
||
| 300 | _ax, 236p. : ill. | ||
| 350 | _a0.00 | ||
| 500 | _aThe Governance of Uganda in co-operation with Transparence International and the Economic Development Institute of the World Bank, 21-25 April 1996, Mwenye Lodge, Uganda. | ||
| 650 | _aGOVERNANCE | ||
| 650 | _aUGANDA--POLITICS AND GOVERNMENT | ||
| 650 | _aUGANDA--GOVERNANCE ISSUES | ||
| 700 | _aSimpkins, Fiona | ||
| 710 | _aWorld Bank | ||
| 995 |
_aANNEX COLLECTION (Main Library) _D0.00 _e734417 _FCBU-MAIN LIBRARY (Kitwe) _H1 _I15.95 _jJF 1081 Uga _M1 _UAVAILABLE _y46948 _ZAnnex Low-Usage Collection |
||
| 995 |
_aMAIN LIBRARY OPEN ACCESS _D0.00 _e730414 _FCBU-MAIN LIBRARY (Kitwe) _H2 _I15.95 _jJF 1081 Uga _M2 _UAVAILABLE _y023664 _ZMain Library Open Access Collection |
||
| 995 |
_aMAIN LIBRARY OPEN ACCESS _D0.00 _e023663 _FCBU-MAIN LIBRARY (Kitwe) _H1 _I0.00 _jJF 1081 UGA _M5 _UAVAILABLE _WSep 8, 2008 _y023663 _ZMain Library Open Access Collection |
||
| 999 |
_c81461 _d81461 |
||